| 000 -LEADER |
| fixed length control field |
00785nam a2200265Ia 4500 |
| 001 - CONTROL NUMBER |
| control field |
17961 |
| 003 - CONTROL NUMBER IDENTIFIER |
| control field |
GE_BSU |
| 008 - FIXED-LENGTH DATA ELEMENTS--GENERAL INFORMATION |
| fixed length control field |
181216s||||||||xx |||||||||||||| ||und|| |
| 020 ## - INTERNATIONAL STANDARD BOOK NUMBER |
| International Standard Book Number |
9785913950338 |
| 040 ## - CATALOGING SOURCE |
| Transcribing agency |
GE_BSU |
| 080 ## - UNIVERSAL DECIMAL CLASSIFICATION NUMBER |
| Universal Decimal Classification number |
811.161.1 |
| 100 ## - MAIN ENTRY--PERSONAL NAME |
| Personal name |
Колесова,Д. Маслова, Н. |
| 245 ## - TITLE STATEMENT |
| Title |
Радуга |
| 245 ## - TITLE STATEMENT |
| Remainder of title |
Практикум по развитию письменной речи |
| 245 ## - TITLE STATEMENT |
| Statement of responsibility, etc. |
Под ред. Е.Юркова |
| 260 ## - PUBLICATION, DISTRIBUTION, ETC. |
| Place of publication, distribution, etc. |
Санкт-Петербург |
| 260 ## - PUBLICATION, DISTRIBUTION, ETC. |
| Name of publisher, distributor, etc. |
Изд. дом "МИРС |
| 260 ## - PUBLICATION, DISTRIBUTION, ETC. |
| Date of publication, distribution, etc. |
2008 |
| 300 ## - PHYSICAL DESCRIPTION |
| Extent |
126стр.30см. |
| 653 ## - INDEX TERM--UNCONTROLLED |
| Uncontrolled term |
Практикум по развитию письменной речи |
| 653 ## - INDEX TERM--UNCONTROLLED |
| Uncontrolled term |
Радуга |
| 653 ## - INDEX TERM--UNCONTROLLED |
| Uncontrolled term |
Русский язык |
| 942 ## - ADDED ENTRY ELEMENTS (KOHA) |
| Koha item type |
წიგნი |